000
00325nam a2200133 a 4500
005
20140414132053.0
008
110714s19uu xx 00 eng d
050
_a
FIC
_b
K24 2006
100
_a
Keene, Carolyn
245
_a
Global Warming.
260
_a
New York :
_b
Alladin,
_c
2009.
440
_a
Nancy Drew
999
_c
114220
_d
114220